| Tag |
First Indicator |
Second Indicator |
Subfields |
| LEADER |
00000cas a2200000 a 4500 |
| 001 |
in00002339868 |
| 005 |
20151108042934.0 |
| 008 |
070807c20079999vaumx p 0 a0eng d |
| 010 |
|
|
|a 2007233474
|
| 022 |
|
|
|y 1075-3885
|
| 035 |
|
|
|a (OCoLC)ocn163140084
|
| 040 |
|
|
|a TXH
|c TXH
|d GUA
|d AGL
|d UtOrBLW
|
| 042 |
|
|
|a lcd
|
| 049 |
|
|
|a TXAM
|
| 050 |
1 |
4 |
|a LB3479.U54
|b S3
|
| 070 |
0 |
|
|a LB3479.U54
|b S3
|
| 072 |
|
0 |
|a T100
|
| 090 |
|
|
|a LB3475.A1
|b S3
|
| 245 |
0 |
0 |
|a School nutrition.
|
| 264 |
|
1 |
|a Alexandria, VA :
|b School Nutrition Association,
|c [2007]-
|
| 300 |
|
|
|a volumes :
|b illustrations ;
|c 28 cm.
|
| 310 |
|
|
|a Eleven no. a year
|
| 336 |
|
|
|a text
|b txt
|2 rdacontent
|
| 337 |
|
|
|a unmediated
|b n
|2 rdamedia
|
| 338 |
|
|
|a volume
|b nc
|2 rdacarrier
|
| 362 |
0 |
|
|a Vol. 61, no. 7 (August 2007)-
|
| 500 |
|
|
|a Title from cover.
|
| 650 |
|
0 |
|a School children
|x Food
|v Periodicals.
|
| 710 |
2 |
|
|a School Nutrition Association.
|
| 780 |
0 |
0 |
|t School foodservice & nutrition
|x 1075-3885
|w (DLC) 94641464
|w (OCoLC)30045014
|
| 994 |
|
|
|a C0
|b TXA
|
| 948 |
|
|
|a cataloged
|b h
|c 2007/9/27
|d c
|e coplinger
|f 2:40:08 pm
|
| 999 |
|
|
|a MARS
|
| 999 |
f |
f |
|s 049d885d-1980-3af7-b29c-ea20998e2c87
|i a9ed6bd8-6590-3705-95fb-48557078d90c
|t 0
|
| 952 |
f |
f |
|p ric
|a Texas A&M University
|b Rellis Campus
|c Joint Library Facility
|d Remote Storage
|t 0
|e LB3475.A1 S3
|h Library of Congress classification
|i unmediated -- volume
|k v.63:no.1-3
|l 2009:Jan.-Mar.
|m A14839119346
|
| 952 |
f |
f |
|p ric
|a Texas A&M University
|b Rellis Campus
|c Joint Library Facility
|d Remote Storage
|t 0
|e LB3475.A1 S3
|h Library of Congress classification
|i unmediated -- volume
|k v.64:no.1-3
|l 2010:Jan.-Mar.
|m A14839668141
|
| 952 |
f |
f |
|p ric
|a Texas A&M University
|b Rellis Campus
|c Joint Library Facility
|d Remote Storage
|t 0
|e LB3475.A1 S3
|h Library of Congress classification
|i unmediated -- volume
|k v.70:no.5-7
|l 2016:May-Aug.
|m A14850089104
|
| 952 |
f |
f |
|p ric
|a Texas A&M University
|b Rellis Campus
|c Joint Library Facility
|d Remote Storage
|t 0
|e LB3475.A1 S3
|h Library of Congress classification
|i unmediated -- volume
|k v.71:no.1-4
|l 2017:Jan.-Apr.
|m A14850405417
|
| 952 |
f |
f |
|p ric
|a Texas A&M University
|b Rellis Campus
|c Joint Library Facility
|d Remote Storage
|t 0
|e LB3475.A1 S3
|h Library of Congress classification
|i unmediated -- volume
|k v.62:no.7-11
|l 2008:Aug.-Dec.
|m A14834769772
|
| 952 |
f |
f |
|p ric
|a Texas A&M University
|b Rellis Campus
|c Joint Library Facility
|d Remote Storage
|t 0
|e LB3475.A1 S3
|h Library of Congress classification
|i unmediated -- volume
|k v.66:no.5-7
|l 2012:May-Aug.
|m A14842045057
|
| 952 |
f |
f |
|p ric
|a Texas A&M University
|b Rellis Campus
|c Joint Library Facility
|d Remote Storage
|t 0
|e LB3475.A1 S3
|h Library of Congress classification
|i unmediated -- volume
|k v.68:no.5-7
|l 2014:May-Aug.
|m A14843117475
|
| 952 |
f |
f |
|p ric
|a Texas A&M University
|b Rellis Campus
|c Joint Library Facility
|d Remote Storage
|t 0
|e LB3475.A1 S3
|h Library of Congress classification
|i unmediated -- volume
|k v.63:no.7-9
|l 2009:Aug.-Oct.
|m A14839119427
|
| 952 |
f |
f |
|p ric
|a Texas A&M University
|b Rellis Campus
|c Joint Library Facility
|d Remote Storage
|t 0
|e LB3475.A1 S3
|h Library of Congress classification
|i unmediated -- volume
|k v.68:no.8-11
|l 2014:Sept.-Dec.
|m A14843117764
|
| 952 |
f |
f |
|p ric
|a Texas A&M University
|b Rellis Campus
|c Joint Library Facility
|d Remote Storage
|t 0
|e LB3475.A1 S3
|h Library of Congress classification
|i unmediated -- volume
|k v.68:no.1-4
|l 2014:Jan.-Apr
|m A14843117616
|
| 952 |
f |
f |
|p ric
|a Texas A&M University
|b Rellis Campus
|c Joint Library Facility
|d Remote Storage
|t 0
|e LB3475.A1 S3
|h Library of Congress classification
|i unmediated -- volume
|k v.67:no.1-4
|l 2013:Jan.-Apr.
|m A14842045073
|
| 952 |
f |
f |
|p ric
|a Texas A&M University
|b Rellis Campus
|c Joint Library Facility
|d Remote Storage
|t 0
|e LB3475.A1 S3
|h Library of Congress classification
|i unmediated -- volume
|k v.72:no.1-4
|l 2018:Jan.-Apr.
|m A14850929408
|
| 952 |
f |
f |
|p ric
|a Texas A&M University
|b Rellis Campus
|c Joint Library Facility
|d Remote Storage
|t 0
|e LB3475.A1 S3
|h Library of Congress classification
|i unmediated -- volume
|k v.62:no.4-6
|l 2008:Apr.-June/July
|m A14834741619
|
| 952 |
f |
f |
|p ric
|a Texas A&M University
|b Rellis Campus
|c Joint Library Facility
|d Remote Storage
|t 0
|e LB3475.A1 S3
|h Library of Congress classification
|i unmediated -- volume
|k v.66:no.8-11
|l 2012:Sept.-Dec.
|m A14842045065
|
| 952 |
f |
f |
|p ric
|a Texas A&M University
|b Rellis Campus
|c Joint Library Facility
|d Remote Storage
|t 0
|e LB3475.A1 S3
|h Library of Congress classification
|i unmediated -- volume
|k v.69:no.1-4
|l 2015:Jan.-Apr.
|m A14843117756
|
| 952 |
f |
f |
|p ric
|a Texas A&M University
|b Rellis Campus
|c Joint Library Facility
|d Remote Storage
|t 0
|e LB3475.A1 S3
|h Library of Congress classification
|i unmediated -- volume
|k v.64:no.4-7
|l 2010:Apr.-Aug.
|m A14839668133
|
| 952 |
f |
f |
|p ric
|a Texas A&M University
|b Rellis Campus
|c Joint Library Facility
|d Remote Storage
|t 0
|e LB3475.A1 S3
|h Library of Congress classification
|i unmediated -- volume
|k v.70:no.8-11
|l 2016:Sept.-Dec.
|m A14850089112
|
| 952 |
f |
f |
|p ric
|a Texas A&M University
|b Rellis Campus
|c Joint Library Facility
|d Remote Storage
|t 0
|e LB3475.A1 S3
|h Library of Congress classification
|i unmediated -- volume
|k v.63:no.10-11
|l 2009:Nov.-Dec.
|m A14839119469
|
| 952 |
f |
f |
|p ric
|a Texas A&M University
|b Rellis Campus
|c Joint Library Facility
|d Remote Storage
|t 0
|e LB3475.A1 S3
|h Library of Congress classification
|i unmediated -- volume
|k v.72:no.5-7
|l 2018:May-Aug.
|m A14850929416
|
| 952 |
f |
f |
|p ric
|a Texas A&M University
|b Rellis Campus
|c Joint Library Facility
|d Remote Storage
|t 0
|e LB3475.A1 S3
|h Library of Congress classification
|i unmediated -- volume
|k v.65:no.1-4
|l 2011:Jan.-Apr.
|m A14839668117
|
| 952 |
f |
f |
|p ric
|a Texas A&M University
|b Rellis Campus
|c Joint Library Facility
|d Remote Storage
|t 0
|e LB3475.A1 S3
|h Library of Congress classification
|i unmediated -- volume
|k v.67:no.8-11
|l 2013:Sept.-Dec.
|m A14842297062
|
| 952 |
f |
f |
|p ric
|a Texas A&M University
|b Rellis Campus
|c Joint Library Facility
|d Remote Storage
|t 0
|e LB3475.A1 S3
|h Library of Congress classification
|i unmediated -- volume
|k v.65:no.8-11
|l 2011:Sep.-Dec.
|m A14839668094
|
| 952 |
f |
f |
|p ric
|a Texas A&M University
|b Rellis Campus
|c Joint Library Facility
|d Remote Storage
|t 0
|e LB3475.A1 S3
|h Library of Congress classification
|i unmediated -- volume
|k v.71:no.5-7
|l 2017:May-Aug.
|m A14850405110
|
| 952 |
f |
f |
|p ric
|a Texas A&M University
|b Rellis Campus
|c Joint Library Facility
|d Remote Storage
|t 0
|e LB3475.A1 S3
|h Library of Congress classification
|i unmediated -- volume
|k v.69:no.8-11
|l 2015:Sept.-Dec.
|m A14843530669
|
| 952 |
f |
f |
|p ric
|a Texas A&M University
|b Rellis Campus
|c Joint Library Facility
|d Remote Storage
|t 0
|e LB3475.A1 S3
|h Library of Congress classification
|i unmediated -- volume
|k v.62:no.1-3
|l 2008:Jan.-Mar.
|m A14834741651
|
| 952 |
f |
f |
|p ric
|a Texas A&M University
|b Rellis Campus
|c Joint Library Facility
|d Remote Storage
|t 0
|e LB3475.A1 S3
|h Library of Congress classification
|i unmediated -- volume
|k v.63:no.4-6
|l 2009:Apr.-June/July
|m A14839119388
|
| 952 |
f |
f |
|p ric
|a Texas A&M University
|b Rellis Campus
|c Joint Library Facility
|d Remote Storage
|t 0
|e LB3475.A1 S3
|h Library of Congress classification
|i unmediated -- volume
|k v.64:no.8-11
|l 2010:Sep.-Dec.
|m A14839668125
|
| 952 |
f |
f |
|p ric
|a Texas A&M University
|b Rellis Campus
|c Joint Library Facility
|d Remote Storage
|t 0
|e LB3475.A1 S3
|h Library of Congress classification
|i unmediated -- volume
|k v.71:no.8-11
|l 2017:Sept.-Dec.
|m A14850405235
|
| 952 |
f |
f |
|p ric
|a Texas A&M University
|b Rellis Campus
|c Joint Library Facility
|d Remote Storage
|t 0
|e LB3475.A1 S3
|h Library of Congress classification
|i unmediated -- volume
|k v.67:no.5-7
|l 2013:May-Aug.
|m A14842045081
|
| 952 |
f |
f |
|p ric
|a Texas A&M University
|b Rellis Campus
|c Joint Library Facility
|d Remote Storage
|t 0
|e LB3475.A1 S3
|h Library of Congress classification
|i unmediated -- volume
|k v.61:no.7-11
|l 2007:Aug.-Dec.
|m A14834741627
|
| 952 |
f |
f |
|p ric
|a Texas A&M University
|b Rellis Campus
|c Joint Library Facility
|d Remote Storage
|t 0
|e LB3475.A1 S3
|h Library of Congress classification
|i unmediated -- volume
|k v.70:no.1-4
|l 2016:Jan.-Apr.
|m A14850089120
|
| 952 |
f |
f |
|p ric
|a Texas A&M University
|b Rellis Campus
|c Joint Library Facility
|d Remote Storage
|t 0
|e LB3475.A1 S3
|h Library of Congress classification
|i unmediated -- volume
|k v.65:no.5-7
|l 2011:May-Aug.
|m A14839668109
|
| 952 |
f |
f |
|p ric
|a Texas A&M University
|b Rellis Campus
|c Joint Library Facility
|d Remote Storage
|t 0
|e LB3475.A1 S3
|h Library of Congress classification
|i unmediated -- volume
|k v.72:no.8-11
|l 2018:Sept.-Dec.
|m A14851495813
|
| 952 |
f |
f |
|p ric
|a Texas A&M University
|b Rellis Campus
|c Joint Library Facility
|d Remote Storage
|t 0
|e LB3475.A1 S3
|h Library of Congress classification
|i unmediated -- volume
|k v.66:no.1-4
|l 2012:Jan.-Apr.
|m A14842045040
|
| 952 |
f |
f |
|p ric
|a Texas A&M University
|b Rellis Campus
|c Joint Library Facility
|d Remote Storage
|t 0
|e LB3475.A1 S3
|h Library of Congress classification
|i unmediated -- volume
|k v.69:no.5-7
|l 2015:May-Aug.
|m A14843530677
|
| 998 |
f |
f |
|a LB3475.A1 S3
|s v.62-72 (2008-2018)
|t 0
|l Remote Storage
|